| 000 | 00423nam a2200181Ia 4500 | ||
|---|---|---|---|
| 001 | 12742 | ||
| 005 | 20260306163003.0 | ||
| 008 | 260306t2002||||xx |||||||||||||| ||spa|| | ||
| 041 | _aESP | ||
| 082 |
_aRD 103 _bF59 |
||
| 100 |
_aFlorián B. Víctor _eAUT |
||
| 245 | 0 | _aDiccionario de Filosofía | |
| 260 | _c2002 | ||
| 300 |
_a399 páginas : _c20 cm. |
||
| 650 | _aGEN | ||
| 654 | _aCHU | ||
| 942 |
_cDIC _dJUS _fJUS _2ddc _n |
||
| 999 |
_c12742 _d12742 |
||